000 00991nam a2200253Ia 4500
003 OSt
005 20221005103649.0
006 a|||||r|||| 00| 0
007 ta
008 221004b |||||||| |||| 00| 0 hin d
020 _a8170750310 (hbk)
_c400
024 _a97348
037 _b431, 25/03/2009, Swaraj Prakashan
_cTextual
040 _aCRL
_cCRL
_bhin
041 _2hin
_ahin
082 _a4:(W:17), 152P2
100 _aचतुर्वेदी, जगदीश्वर
245 0 _aमाध्यम साम्राज्यवाद
246 _aMādhyam sāmrājyavāda
260 _aदिल्ली
_bअनामिका पब्लिशर्स एंड डिस्ट्रीब्यूटर्स प्रा. लि. भारत
_c2002
300 _a264पृ0
_ccm.
942 _h4:(W:17), 152P2
_cTEXL
_2cc
999 _c1010549
_d1010549